[Event "DEM U16 2003"]
[Site "Willingen GER"]
[Date "2003.06.10"]
[Round "5"]
[White "Lang, Henry"]
[Black "Victor, Silver Star"]
[Result "1/2-1/2"]
[Termination "normal"]
[Board "14"]
[WhiteElo "1676"]
[BlackElo "1628"]
[PlyCount "34"]
[EventCountry "GER"]
[EventRounds "9"]
[EventType "swiss"]
[EventDate "2003.06.07"]

1. Nf3 Nf6 2. g3 e6 3. Bg2 d5 4. d4 Be7 5. O-O O-O 6. Bg5 b6 7. c4 Bb7 8. cxd5
Nxd5 9. Bxe7 Qxe7 10. Nc3 Rd8 11. a3 c5 12. e3 Nd7 13. Rc1 Rac8 14. Nxd5 exd5
15. Qa4 a6 16. Rfd1 Nf6 17. Qb3 Rd6 1/2-1/2

[Event "DEM U16 2003"]
[Site "Willingen GER"]
[Date "2003.06.11"]
[Round "6"]
[White "Meier, Georg"]
[Black "Heinz, Axel"]
[Result "1-0"]
[Termination "normal"]
[Board "1"]
[WhiteElo "2253"]
[BlackElo "2269"]
[PlyCount "69"]
[WhiteFideId "4675783"]
[BlackFideId "4667557"]
[EventCountry "GER"]
[EventRounds "9"]
[EventType "swiss"]
[EventDate "2003.06.07"]

1. e4 c5 2. Nf3 e6 3. d4 cxd4 4. Nxd4 a6 5. Bd3 Qc7 6. O-O Nf6 7. Qe2 d6 8. c4
Nbd7 9. Nc3 b6 10. f4 Bb7 11. Kh1 g6 12. Nf3 Bg7 13. f5 O-O 14. fxe6 fxe6 15.
Bg5 Rae8 16. Rad1 Ng4 17. Qd2 Nde5 18. b3 d5 19. Bf4 Nxf3 20. Rxf3 Bxc3 21.
Bxc7 Bxd2 22. Rxd2 dxe4 23. Rxf8+ Rxf8 24. Be2 Rf7 25. Bxb6 Nf2+ 26. Kg1 Nd3
27. Bxd3 exd3 28. Rxd3 e5 29. a4 e4 30. Rd8+ Kg7 31. b4 Re7 32. Kf2 Kf6 33. Ke3
Re6 34. Bd4+ Kf5 35. b5 1-0

[Event "DEM U16 2003"]
[Site "Willingen GER"]
[Date "2003.06.11"]
[Round "6"]
[White "Lutz, Dieter"]
[Black "Degtiarev, Jewgeni"]
[Result "1/2-1/2"]
[Termination "normal"]
[Board "2"]
[WhiteElo "2139"]
[BlackElo "2254"]
[PlyCount "159"]
[WhiteFideId "4667565"]
[BlackFideId "4149610"]
[EventCountry "GER"]
[EventRounds "9"]
[EventType "swiss"]
[EventDate "2003.06.07"]

1. e4 c5 2. Nf3 d6 3. Bc4 Nf6 4. d3 Nc6 5. c3 g6 6. O-O Bg7 7. Bb3 O-O 8. Re1
Bg4 9. h3 Bxf3 10. Qxf3 Nd7 11. Qe2 b5 12. Be3 a5 13. a4 b4 14. Rc1 Rb8 15. Nd2
Kh8 16. Bd5 Qc7 17. Nf3 e6 18. Bc4 Nb6 19. Bb5 bxc3 20. bxc3 Na7 21. d4 Nxb5
22. axb5 Ra8 23. e5 c4 24. Bf4 d5 25. Qd2 Rfb8 26. Rcb1 a4 27. Bg5 Ra5 28. h4
Kg8 29. h5 a3 30. Nh2 Nd7 31. Ng4 Bf8 32. Qf4 f5 33. hxg6 hxg6 34. Nh6+ Bxh6
35. Bxh6 Kf7 36. Ra2 Qa7 37. Qc1 Nb6 38. Rba1 Ra8 39. Bg5 Nd7 40. Bh4 Qb8 41.
Rxa3 Qxb5 42. Rxa5 Rxa5 43. Rxa5 Qxa5 44. Qg5 Qa3 45. Kh2 Qf8 46. g3 Kg7 47.
Kg2 Kh7 48. Qc1 Qf7 49. Bg5 Kg8 50. Qb1 Qe8 51. Qb7 Nf8 52. Bf6 Qd7 53. Qa8 Kf7
54. Qb8 Qe8 55. Qb1 Qd7 56. Qh1 Ke8 57. Bg5 Qh7 58. Qa1 Qd7 59. Qa8+ Kf7 60.
Bh6 Qe8 61. Qb7+ Qd7 62. Qa6 Qe7 63. f4 Qd8 64. Qb7+ Qd7 65. Qb8 Qe8 66. Qb6
Qd7 67. Kh3 Qe8 68. g4 Kg8 69. Qc7 fxg4+ 70. Kg3 Qf7 71. Qc8 Qf5 72. Bxf8 Qd3+
73. Kxg4 Qf5+ 74. Kg3 Qd3+ 75. Kh4 g5+ 76. Kh5 Qh3+ 77. Kg6 Qf5+ 78. Kh6 Qh3+
79. Kxg5 Qf5+ 80. Kh4 1/2-1/2

[Event "DEM U16 2003"]
[Site "Willingen GER"]
[Date "2003.06.11"]
[Round "6"]
[White "Eisenbeiser, Amadeus"]
[Black "Feuerstack, Aljoscha"]
[Result "1-0"]
[Termination "normal"]
[Board "3"]
[WhiteElo "2243"]
[BlackElo "2118"]
[PlyCount "103"]
[WhiteFideId "4678338"]
[BlackFideId "4681932"]
[EventCountry "GER"]
[EventRounds "9"]
[EventType "swiss"]
[EventDate "2003.06.07"]

1. e4 c5 2. Nf3 e6 3. d4 cxd4 4. Nxd4 a6 5. Nc3 b5 6. Be2 Bb7 7. O-O b4 8. Na4
Bxe4 9. c4 Nf6 10. Be3 Qc7 11. Bf3 Bxf3 12. Nxf3 Nc6 13. Qe2 Be7 14. Rac1 O-O
15. Rfd1 d6 16. Nb6 Rab8 17. Nd5 Qd7 18. Nxe7+ Qxe7 19. c5 d5 20. Qxa6 Qc7 21.
Nd4 Nxd4 22. Rxd4 e5 23. Rh4 Rfc8 24. Qd3 Qa5 25. g4 d4 26. Bg5 Rxc5 27. Rxc5
Qxc5 28. Bxf6 Qc1+ 29. Kg2 Qc6+ 30. f3 e4 31. Qxe4 Qxe4 32. fxe4 gxf6 33. Rh3
Rc8 34. Rb3 d3 35. Kf2 Rd8 36. Ke1 Rd4 37. Kd2 Rxe4 38. Rxd3 h5 39. gxh5 Rh4
40. h3 Rxh5 41. Rd4 Ra5 42. Rxb4 Rxa2 43. Kc3 Kg7 44. Rg4+ Kh6 45. h4 Ra1 46.
b4 Rc1+ 47. Kd4 Rf1 48. Kc5 f5 49. Rc4 f4 50. b5 f3 51. Kc6 f2 52. Rc2 1-0

[Event "DEM U16 2003"]
[Site "Willingen GER"]
[Date "2003.06.11"]
[Round "6"]
[White "Shmirina, Evgenija"]
[Black "Armbrust, Florian"]
[Result "1/2-1/2"]
[Termination "normal"]
[Board "4"]
[WhiteElo "2146"]
[BlackElo "2234"]
[PlyCount "82"]
[WhiteFideId "4693809"]
[BlackFideId "4691350"]
[EventCountry "GER"]
[EventRounds "9"]
[EventType "swiss"]
[EventDate "2003.06.07"]

1. e4 c5 2. Nf3 d6 3. d4 cxd4 4. Nxd4 Nf6 5. Nc3 Nc6 6. f3 e5 7. Nb3 Be6 8. Nd5
Be7 9. Be3 O-O 10. Qd2 Nb8 11. O-O-O Nxd5 12. exd5 Bd7 13. Kb1 a5 14. Qf2 a4
15. Bb6 Qc8 16. Nd2 a3 17. b3 Bd8 18. Nc4 Ra6 19. Bxd8 Rxd8 20. Qe3 Qc7 21. g4
b5 22. Nd2 Rc8 23. c4 bxc4 24. Bxc4 Rb6 25. Rc1 Qa7 26. Ne4 Qa5 27. Bd3 Na6 28.
Nf6+ gxf6 29. Qh6 Rxc1+ 30. Rxc1 Be8 31. Bxh7+ Kh8 32. Bf5+ Kg8 33. Bh7+ Kh8
34. Bf5+ Kg8 35. g5 35... Rc6 {auf beiden Formularen steht dieser Zug!} 36.
Qh7+ (36. Bh7+ Kh8 37. Bc2+ Kg8 38. gxf6 {und Matt im naechsten Zug}) 36... Kf8
37. Qh8+ Ke7 38. Qxf6+ Kf8 39. Qh8+ Ke7 40. Qf6+ Kf8 41. dxc6 Qd2 1/2-1/2

[Event "DEM U16 2003"]
[Site "Willingen GER"]
[Date "2003.06.11"]
[Round "6"]
[White "Becker, Martin Alexander"]
[Black "Mijatovic, Vladimir"]
[Result "1-0"]
[Termination "normal"]
[Board "5"]
[WhiteElo "2199"]
[BlackElo "2082"]
[PlyCount "76"]
[WhiteFideId "4680820"]
[BlackFideId "934062"]
[EventCountry "GER"]
[EventRounds "9"]
[EventType "swiss"]
[EventDate "2003.06.07"]

1. e4 c5 2. Nf3 d6 3. d4 cxd4 4. Nxd4 Nf6 5. Nc3 a6 6. Bg5 e6 7. f4 Be7 8. Qf3
Qc7 9. O-O-O Nbd7 10. g4 b5 11. Bxf6 Nxf6 12. g5 Nd7 13. f5 Bxg5+ 14. Kb1 Ne5
15. Qh5 Qd8 16. h4 Bf6 17. fxe6 O-O 18. Bh3 Ra7 19. Nd5 fxe6 20. Bxe6+ Kh8 21.
Rdf1 g6 22. Qe2 Bg7 23. h5 Rxf1+ 24. Qxf1 Bxe6 25. Nxe6 Qe8 26. Qh3 gxh5 27.
Nec7 Qd7 28. Qxh5 h6 29. Ne8 Qe6 30. Nf4 Qf7 31. Nxg7 Qxg7 32. Ne6 Qg6 33. Qxg6
Nxg6 34. Rxh6+ Rh7 35. Rxh7+ Kxh7 36. Nc7 Kg7 37. Nxa6 Kf7 38. Nc7 b4 1-0

[Event "DEM U16 2003"]
[Site "Willingen GER"]
[Date "2003.06.11"]
[Round "6"]
[White "Nüsken, Nikolas"]
[Black "Krämer, Martin"]
[Result "0-1"]
[Termination "normal"]
[Board "6"]
[WhiteElo "2094"]
[BlackElo "2173"]
[PlyCount "58"]
[WhiteFideId "24605891"]
[BlackFideId "4671910"]
[EventCountry "GER"]
[EventRounds "9"]
[EventType "swiss"]
[EventDate "2003.06.07"]

1. e4 c5 2. Nf3 Nc6 3. Bb5 g6 4. O-O Bg7 5. Re1 e5 6. b4 cxb4 7. a3 Nge7 8.
axb4 O-O 9. Bb2 d6 10. Bxc6 Nxc6 11. b5 Nd4 12. Nxd4 exd4 13. c3 d5 14. Ba3 Re8
15. exd5 Bf5 16. Rxe8+ Qxe8 17. cxd4 Qxb5 18. Nc3 Qd7 19. Bc5 a6 20. Qf3 Re8
21. h3 h5 22. d3 Rc8 23. Re1 b6 24. Ne4 bxc5 25. dxc5 Bxe4 26. dxe4 Rxc5 27.
Qg3 a5 28. Rb1 Kh7 29. Rd1 Be5 0-1

[Event "DEM U16 2003"]
[Site "Willingen GER"]
[Date "2003.06.11"]
[Round "6"]
[White "Ratkovitch, Dimitri"]
[Black "Laßan, Christian"]
[Result "0-1"]
[Termination "normal"]
[Board "7"]
[WhiteElo "1818"]
[BlackElo "2089"]
[PlyCount "62"]
[WhiteFideId "24608050"]
[BlackFideId "4685997"]
[EventCountry "GER"]
[EventRounds "9"]
[EventType "swiss"]
[EventDate "2003.06.07"]

1. e4 c6 2. d4 d5 3. Nc3 dxe4 4. Nxe4 Nf6 5. Nxf6+ gxf6 6. Bc4 Bf5 7. Ne2 e6 8.
O-O Qc7 9. Bf4 Bd6 10. Bxd6 Qxd6 11. Ng3 Bg6 12. f4 f5 13. Bb3 Nd7 14. c4 Nf6
15. d5 Qc5+ 16. Kh1 O-O-O 17. Rc1 h5 18. Ne2 h4 19. Nc3 h3 20. g3 Ng4 21. Na4
Qe3 22. Qf3 Qxf3+ 23. Rxf3 Rhe8 24. Nc3 Kb8 25. Kg1 f6 26. dxe6 Rxe6 27. c5 Re7
28. Rff1 Rd2 29. Rc2 Red7 30. Be6 Rxc2 31. Bxd7 Rg2+ 0-1

[Event "DEM U16 2003"]
[Site "Willingen GER"]
[Date "2003.06.11"]
[Round "6"]
[White "Beckmann, Emanuel"]
[Black "Wolter, Jens"]
[Result "0-1"]
[Termination "normal"]
[Board "8"]
[WhiteElo "1842"]
[BlackElo "1790"]
[PlyCount "74"]
[WhiteFideId "24608025"]
[BlackFideId "4698185"]
[EventCountry "GER"]
[EventRounds "9"]
[EventType "swiss"]
[EventDate "2003.06.07"]

1. e4 c5 2. Nf3 g6 3. d4 Bg7 4. Be2 Nf6 5. e5 Ng8 6. d5 d6 7. Bf4 dxe5 8. Bxe5
Nf6 9. c4 O-O 10. Nc3 a6 11. O-O e6 12. dxe6 Bxe6 13. Bd6 Re8 14. Bxc5 Qc8 15.
Na4 Nfd7 16. Bd4 Bxc4 17. Rc1 b5 18. Bxc4 bxc4 19. Bxg7 Kxg7 20. Qd4+ Kg8 21.
Rxc4 Qd8 22. Rd1 Qf6 23. Qxf6 Nxf6 24. Rc7 a5 25. Nc5 Na6 26. Nxa6 Rxa6 27. h3
h6 28. Kf1 Rb6 29. Rd2 Reb8 30. b3 a4 31. bxa4 Rb4 32. Ra7 Rb1+ 33. Ke2 Re8+
34. Kd3 Ne4 35. Rc2 Rd1+ 36. Kc4 Rc8+ 37. Kb3 Rb1+ 0-1

[Event "DEM U16 2003"]
[Site "Willingen GER"]
[Date "2003.06.11"]
[Round "6"]
[White "Frübing, Stefan"]
[Black "Rohde, Torsten"]
[Result "1-0"]
[Termination "normal"]
[Board "9"]
[WhiteElo "2063"]
[BlackElo "2182"]
[PlyCount "61"]
[WhiteFideId "4682165"]
[BlackFideId "4665007"]
[EventCountry "GER"]
[EventRounds "9"]
[EventType "swiss"]
[EventDate "2003.06.07"]

1. e4 c5 2. Nf3 d6 3. d4 cxd4 4. Nxd4 Nf6 5. Nc3 g6 6. Be3 Bg7 7. f3 Nc6 8. Qd2
O-O 9. Bc4 Bd7 10. Bb3 Qa5 11. O-O-O Ne5 12. Kb1 Rfc8 13. Rhe1 Nc4 14. Bxc4
Rxc4 15. Nb3 Qc7 16. g4 Rc8 17. e5 Nxg4 18. fxg4 Bxg4 19. exd6 exd6 20. Nd5 Qd7
21. Rc1 Bf5 22. Nd4 Be6 23. b3 Bxd5 24. bxc4 Rxc4 25. Nb3 Be6 26. Red1 d5 27.
Bd4 Bf8 28. Bb2 Rh4 29. Qc3 d4 30. Rxd4 Bg7 31. Rxd7 1-0

[Event "DEM U16 2003"]
[Site "Willingen GER"]
[Date "2003.06.11"]
[Round "6"]
[White "Brüdigam, Martin"]
[Black "Germer, Philipp"]
[Result "1/2-1/2"]
[Termination "normal"]
[Board "10"]
[WhiteElo "1926"]
[BlackElo "2149"]
[PlyCount "55"]
[WhiteFideId "24608033"]
[BlackFideId "4693523"]
[EventCountry "GER"]
[EventRounds "9"]
[EventType "swiss"]
[EventDate "2003.06.07"]

1. e4 d5 2. exd5 Qxd5 3. Nc3 Qa5 4. Nf3 Nf6 5. Bc4 Bg4 6. O-O e6 7. d4 Nc6 8.
h3 Bh5 9. Bb5 Bb4 10. Qd3 Bxc3 11. bxc3 Bxf3 12. gxf3 O-O 13. Kh2 Nd5 14. Bd2
Qa3 15. Rg1 Qd6+ 16. Kh1 Nf4 17. Qe3 Ng6 18. Bd3 Nce7 19. Qg5 f5 20. h4 Rf7 21.
h5 Nf8 22. Rab1 b6 23. Rg3 Nd5 24. Rbg1 Qe7 25. c4 Qxg5 26. Rxg5 Nf6 27. d5
exd5 28. Bc3 1/2-1/2

[Event "DEM U16 2003"]
[Site "Willingen GER"]
[Date "2003.06.11"]
[Round "6"]
[White "Poysti, Nathanael"]
[Black "Lang, Henry"]
[Result "1/2-1/2"]
[Termination "normal"]
[Board "13"]
[WhiteElo "1879"]
[BlackElo "1676"]
[PlyCount "112"]
[EventCountry "GER"]
[EventRounds "9"]
[EventType "swiss"]
[EventDate "2003.06.07"]

1. d4 Nf6 2. Nf3 e6 3. c4 b6 4. g3 Bb7 5. Bg2 c5 6. d5 exd5 7. Nh4 Be7 8. Nc3
O-O 9. O-O d6 10. Nf5 Qd7 11. Nxd5 Nxd5 12. Bxd5 Bxd5 13. Qxd5 Na6 14. a3 Nc7
15. Qd3 Rad8 16. Rd1 d5 17. cxd5 Bf6 18. e4 g6 19. Ne3 Bg7 20. Rb1 Nb5 21. Bd2
Nd4 22. Nc2 c4 23. Qxc4 Rc8 24. Qxd4 Bxd4 25. Nxd4 Rc4 26. Bc3 Re8 27. Re1 Qc7
28. Re3 Qc5 29. Rd1 b5 30. Nb3 Qc8 31. e5 Qg4 32. f3 Qf5 33. Nd4 Qd7 34. d6 Rc5
35. Rde1 Rd5 36. Re4 h5 37. Kg2 a6 38. Nc2 Rc5 39. R1e2 Rc4 40. Rxc4 bxc4 41.
Rd2 g5 42. Ne3 g4 43. fxg4 hxg4 44. Nd5 Kf8 45. Nf6 Qf5 46. Nxe8 Qf3+ 47. Kg1
Qe3+ 48. Rf2 Kxe8 49. Kf1 Qd3+ 50. Re2 Kd7 51. Ke1 Qb1+ 52. Kf2 Qf5+ 53. Kg1
Qb1+ 54. Re1 Qd3 55. Rf1 Qe3+ 56. Rf2 Ke8 1/2-1/2

[Event "DEM U16 2003"]
[Site "Willingen GER"]
[Date "2003.06.11"]
[Round "6"]
[White "Hillmann, Michael"]
[Black "Kaufmann, Benjamin"]
[Result "0-1"]
[Termination "normal"]
[Board "14"]
[WhiteElo "1763"]
[BlackElo "1675"]
[PlyCount "70"]
[WhiteFideId "24609889"]
[BlackFideId "24613525"]
[EventCountry "GER"]
[EventRounds "9"]
[EventType "swiss"]
[EventDate "2003.06.07"]

1. d4 d5 2. Nf3 Nf6 3. c4 e6 4. Nc3 Be7 5. Bg5 O-O 6. e3 Nbd7 7. cxd5 Nxd5 8.
Bxe7 Qxe7 9. Nxd5 exd5 10. Bd3 Nf6 11. Qc2 c6 12. Ne5 Be6 13. O-O h6 14. f4 Ng4
15. Rae1 Nxe5 16. dxe5 Rad8 17. Rf3 Bc8 18. h3 f6 19. exf6 Qxf6 20. g4 Rde8 21.
Ref1 Re7 22. Kh1 Rfe8 23. Bg6 Rf8 24. f5 Bd7 25. Qf2 Be8 26. Kg2 Bf7 27. h4 Re4
28. Kh3 Rfe8 29. h5 Qg5 30. f6 Bxg6 31. hxg6 gxf6 32. Rxf6 Rxe3+ 33. Rf3 Rxf3+
34. Qxf3 Re3 35. Kg3 Rxf3+ 0-1

[Event "DEM U16 2003"]
[Site "Willingen GER"]
[Date "2003.06.12"]
[Round "7"]
[White "Meier, Georg"]
[Black "Eisenbeiser, Amadeus"]
[Result "1/2-1/2"]
[Termination "normal"]
[Board "1"]
[WhiteElo "2253"]
[BlackElo "2243"]
[PlyCount "69"]
[WhiteFideId "4675783"]
[BlackFideId "4678338"]
[EventCountry "GER"]
[EventRounds "9"]
[EventType "swiss"]
[EventDate "2003.06.07"]

1. Nf3 Nf6 2. g3 g6 3. Bg2 Bg7 4. O-O O-O 5. d4 d6 6. a4 a5 7. b3 c6 8. Bb2 d5
9. Nbd2 Bf5 10. Rc1 Nbd7 11. c4 Ne4 12. cxd5 cxd5 13. e3 Re8 14. Nxe4 Bxe4 15.
Nd2 Bxg2 16. Kxg2 e6 17. Rc2 Nb8 18. Ba3 Bf8 19. Bxf8 Rxf8 20. Nf3 Nc6 21. Qd2
Qb6 22. Rc3 Rfc8 23. Rfc1 Rc7 24. Qc2 Nb4 25. Qd2 Rac8 26. Ne5 Qd6 27. Nd3 Rxc3
28. Rxc3 Rxc3 29. Qxc3 Nxd3 30. Qxd3 Qb4 31. g4 h6 32. h3 Kg7 33. Qc2 g5 34.
Kg3 Kg8 35. Kg2 1/2-1/2

[Event "DEM U16 2003"]
[Site "Willingen GER"]
[Date "2003.06.12"]
[Round "7"]
[White "Degtiarev, Jewgeni"]
[Black "Becker, Martin Alexander"]
[Result "1/2-1/2"]
[Termination "normal"]
[Board "2"]
[WhiteElo "2254"]
[BlackElo "2199"]
[PlyCount "85"]
[WhiteFideId "4149610"]
[BlackFideId "4680820"]
[EventCountry "GER"]
[EventRounds "9"]
[EventType "swiss"]
[EventDate "2003.06.07"]

1. d4 d5 2. Nf3 Nf6 3. c4 e6 4. g3 Be7 5. Bg2 O-O 6. O-O dxc4 7. Ne5 Nc6 8.
Bxc6 bxc6 9. Nxc6 Qe8 10. Nxe7+ Qxe7 11. Qa4 e5 12. dxe5 Qxe5 13. Nc3 Be6 14.
Bf4 Qc5 15. Rad1 Bh3 16. Rfe1 Ng4 17. Ne4 Qb6 18. Qxc4 Rae8 19. Qd4 Rxe4 20.
Qxb6 cxb6 21. f3 Rxf4 22. gxf4 Ne3 23. Rd2 Ng2 24. Rc1 Nxf4 25. Rc7 a5 26. Rb7
Be6 27. b3 h5 28. e3 Nd5 29. e4 Nf4 30. Kf2 h4 31. Ke3 g5 32. Rxb6 Rc8 33. Rb5
f6 34. Rxa5 Rc3+ 35. Kf2 Nh3+ 36. Ke2 Ng1+ 37. Kf2 Nxf3 38. Rd6 Bf7 39. Rxf6 g4
40. Raf5 Rc2+ 41. Ke3 Nxh2 42. Rxf7 g3 43. Rf8+ 1/2-1/2

[Event "DEM U16 2003"]
[Site "Willingen GER"]
[Date "2003.06.12"]
[Round "7"]
[White "Krämer, Martin"]
[Black "Lutz, Dieter"]
[Result "1-0"]
[Termination "normal"]
[Board "3"]
[WhiteElo "2173"]
[BlackElo "2139"]
[PlyCount "71"]
[WhiteFideId "4671910"]
[BlackFideId "4667565"]
[EventCountry "GER"]
[EventRounds "9"]
[EventType "swiss"]
[EventDate "2003.06.07"]

1. e4 c5 2. Nf3 e6 3. d4 cxd4 4. Nxd4 a6 5. Bd3 Qc7 6. O-O Nf6 7. c4 d6 8. Nc3
Nbd7 9. Kh1 b6 10. f4 Bb7 11. Qf3 g6 12. Bd2 Bg7 13. Rac1 O-O 14. b4 Rac8 15.
Qh3 Qb8 16. f5 exf5 17. exf5 Ne5 18. Bg5 Rce8 19. Bb1 Qa8 20. Nce2 Neg4 21. Rc3
Be4 22. Bxe4 Qxe4 23. Rcf3 h5 24. Qh4 d5 25. h3 Nh6 26. Bxf6 Qxh4 27. Bxh4 gxf5
28. cxd5 Re4 29. Bg5 Kh7 30. Bxh6 Bxh6 31. Rd3 f4 32. Nc3 Re3 33. Rfd1 Rc8 34.
Rxe3 fxe3 35. Nce2 Bg5 36. d6 1-0

[Event "DEM U16 2003"]
[Site "Willingen GER"]
[Date "2003.06.12"]
[Round "7"]
[White "Heinz, Axel"]
[Black "Armbrust, Florian"]
[Result "1/2-1/2"]
[Termination "normal"]
[Board "4"]
[WhiteElo "2269"]
[BlackElo "2234"]
[PlyCount "126"]
[WhiteFideId "4667557"]
[BlackFideId "4691350"]
[EventCountry "GER"]
[EventRounds "9"]
[EventType "swiss"]
[EventDate "2003.06.07"]

1. e4 c5 2. Nf3 d6 3. Bb5+ Bd7 4. Bxd7+ Qxd7 5. O-O Nc6 6. c4 e5 7. Nc3 Nf6 8.
d3 Be7 9. a3 O-O 10. Rb1 a5 11. Be3 Bd8 12. Nd2 Nd4 13. h3 Ne8 14. Nd5 Nf6 15.
Nc3 Ne8 16. b4 axb4 17. axb4 cxb4 18. Nd5 Nc6 19. Nxb4 Nf6 20. Qb3 Nxb4 21.
Qxb4 Ba5 22. Qb2 Bxd2 23. Bxd2 Qc6 24. Be3 Rfb8 25. Rfc1 Nd7 26. Rc3 Nc5 27.
Bxc5 Qxc5 28. Rb3 g6 29. Rb5 Qa3 30. Rxb7 Qxb2 31. R7xb2 Rxb2 32. Rxb2 Ra3 33.
Rd2 Rc3 34. Kf1 h5 35. Ke2 Kf8 36. Rb2 Rc1 37. h4 Ke7 38. Kd2 Ra1 39. Kc3 Ra3+
40. Kd2 Kd7 41. Rb7+ Ke6 42. Rb2 Kd7 43. Ke3 Kc7 44. g3 Ra1 45. Rd2 Rc1 46. Ra2
Kb7 47. Ra5 Re1+ 48. Kd2 Rf1 49. Ke2 Rc1 50. Ra2 Rb1 51. Kd2 Rf1 52. Ke2 Rc1
53. Ke3 Re1+ 54. Re2 Rd1 55. Rc2 Kc6 56. Ra2 Kb7 57. Ra5 Rc1 58. f4 exf4+ 59.
Kxf4 f6 60. Ra2 Rf1+ 61. Ke3 Rg1 62. Kf3 Rd1 63. Ke3 Rg1 1/2-1/2

[Event "DEM U16 2003"]
[Site "Willingen GER"]
[Date "2003.06.12"]
[Round "7"]
[White "Laßan, Christian"]
[Black "Shmirina, Evgenija"]
[Result "1-0"]
[Termination "normal"]
[Board "5"]
[WhiteElo "2089"]
[BlackElo "2146"]
[PlyCount "123"]
[WhiteFideId "4685997"]
[BlackFideId "4693809"]
[EventCountry "GER"]
[EventRounds "9"]
[EventType "swiss"]
[EventDate "2003.06.07"]

1. e4 e6 2. d4 d5 3. Nd2 Nf6 4. e5 Nfd7 5. c3 c5 6. Bd3 Nc6 7. Ne2 cxd4 8. cxd4
f6 9. exf6 Nxf6 10. Nf3 Bd6 11. O-O Qc7 12. g3 O-O 13. Bf4 Bxf4 14. Nxf4 Bd7
15. Re1 Rae8 16. Ne5 Nxd4 17. Bxh7+ Nxh7 18. Qxd4 Ng5 19. Kg2 Bc6 20. Rac1 Qd6
21. Nh5 Qe7 22. Nf4 Qd6 23. Rc2 Nf7 24. Rce2 Nxe5 25. Rxe5 Bd7 26. Rg5 Rf7 27.
Nh5 e5 28. Rgxe5 Rxe5 29. Rxe5 Qb6 30. Qxb6 axb6 31. Kf1 Bc6 32. Nf4 Rd7 33.
Ke2 d4 34. b4 b5 35. Kd3 Rd8 36. Ne2 Ra8 37. Nxd4 Ra3+ 38. Kd2 Rxa2+ 39. Ke3
Rb2 40. Nxc6 bxc6 41. Re4 Kf7 42. h4 Kf6 43. g4 g6 44. Kf3 Kf7 45. Kg3 Kf6 46.
f3 Rb1 47. Kf4 Rb3 48. Rd4 Kf7 49. Kg5 Rb1 50. Rd6 Rxb4 51. Rxc6 Rd4 52. Rf6+
Ke7 53. Kxg6 Rd6 54. Rxd6 Kxd6 55. Kf5 Kd5 56. Kf4 Kc4 57. Ke3 Kc3 58. h5 b4
59. h6 b3 60. h7 b2 61. h8=Q+ Kc2 62. g5 1-0

[Event "DEM U16 2003"]
[Site "Willingen GER"]
[Date "2003.06.12"]
[Round "7"]
[White "Wolter, Jens"]
[Black "Frübing, Stefan"]
[Result "1/2-1/2"]
[Termination "normal"]
[Board "6"]
[WhiteElo "1790"]
[BlackElo "2063"]
[PlyCount "89"]
[WhiteFideId "4698185"]
[BlackFideId "4682165"]
[EventCountry "GER"]
[EventRounds "9"]
[EventType "swiss"]
[EventDate "2003.06.07"]

1. e4 c5 2. Nf3 a6 3. c4 d6 4. d4 cxd4 5. Nxd4 Nf6 6. Nc3 e6 7. Be2 Be7 8. Be3
Qc7 9. O-O Nbd7 10. Rc1 b6 11. Qd2 Bb7 12. f3 O-O 13. Rfd1 Rfd8 14. b3 Rac8 15.
Qe1 Qb8 16. Qf2 Re8 17. Bf1 Bd8 18. g3 Bc7 19. Bg2 Kh8 20. Rc2 Rg8 21. Bc1 Qa8
22. Bb2 Rge8 23. Kh1 Ne5 24. Rcd2 Rcd8 25. Nc2 d5 26. cxd5 exd5 27. exd5 Nxd5
28. Nxd5 Rxd5 29. f4 Ng4 30. Qf1 Rxd2 31. Rxd2 Ne3 32. Nxe3 Rxe3 33. Rf2 Bxg2+
34. Qxg2 Qxg2+ 35. Rxg2 Re1+ 36. Rg1 Rxg1+ 37. Kxg1 Kg8 38. Kf2 f6 39. Ke3 Kf7
40. Ke4 Ke6 41. g4 Bd8 42. h4 g6 43. f5+ gxf5+ 44. gxf5+ Kd6 45. a4 1/2-1/2

[Event "DEM U16 2003"]
[Site "Willingen GER"]
[Date "2003.06.12"]
[Round "7"]
[White "Grimberg, Boris"]
[Black "Nüsken, Nikolas"]
[Result "1-0"]
[Termination "normal"]
[Board "7"]
[WhiteElo "2136"]
[BlackElo "2094"]
[PlyCount "69"]
[WhiteFideId "4697499"]
[BlackFideId "24605891"]
[EventCountry "GER"]
[EventRounds "9"]
[EventType "swiss"]
[EventDate "2003.06.07"]

1. d4 d5 2. Nf3 Nc6 3. e3 Bg4 4. Be2 Nf6 5. b3 e6 6. Bb2 Be7 7. O-O O-O 8. Nbd2
Nd7 9. c4 f5 10. Ne1 Bxe2 11. Qxe2 Nf6 12. f3 Ne8 13. Nd3 Bf6 14. cxd5 exd5 15.
Nf4 Qd6 16. Qb5 Nxd4 17. Bxd4 Bxd4 18. exd4 Qxf4 19. Qxd5+ Kh8 20. Nc4 c6 21.
Qe5 Qg5 22. Rfe1 Qd8 23. Kh1 Rf6 24. Qe7 b5 25. Na5 Qc8 26. Rac1 Kg8 27. d5 Qa6
28. Nxc6 Nd6 29. Re6 Qa3 30. Rce1 Re8 31. Qd7 Ref8 32. Rxf6 Rxf6 33. Ne7+ Kf8
34. Qd8+ Ne8 35. Ng6+ 1-0

[Event "DEM U16 2003"]
[Site "Willingen GER"]
[Date "2003.06.12"]
[Round "7"]
[White "Feuerstack, Aljoscha"]
[Black "Ratkovitch, Dimitri"]
[Result "1-0"]
[Termination "normal"]
[Board "8"]
[WhiteElo "2118"]
[BlackElo "1818"]
[PlyCount "71"]
[WhiteFideId "4681932"]
[BlackFideId "24608050"]
[EventCountry "GER"]
[EventRounds "9"]
[EventType "swiss"]
[EventDate "2003.06.07"]

1. e4 c5 2. c3 Nf6 3. e5 Nd5 4. d4 cxd4 5. Nf3 Nc6 6. cxd4 d6 7. Bc4 Nb6 8. Bb3
dxe5 9. d5 Nb4 10. Nc3 e6 11. Bg5 f6 12. Nxe5 fxg5 13. Qh5+ g6 14. Nxg6 hxg6
15. Qxh8 Nd3+ 16. Kf1 exd5 17. Bc2 Bf5 18. Rd1 Nxb2 19. Re1+ Kd7 20. Bxf5+ gxf5
21. Qe5 N2c4 22. Qe6+ Kc7 23. Nb5+ Kb8 24. Qe8 Qc8 25. h4 a6 26. hxg5 axb5 27.
Rh8 Bb4 28. Qxc8+ Nxc8 29. Rxc8+ Kxc8 30. Re8+ Kd7 31. Rxa8 d4 32. g6 Nd2+ 33.
Ke2 Ne4 34. g7 Nf6 35. Rf8 Nh7 36. Rf7+ 1-0

[Event "DEM U16 2003"]
[Site "Willingen GER"]
[Date "2003.06.12"]
[Round "7"]
[White "Mijatovic, Vladimir"]
[Black "Germer, Philipp"]
[Result "1-0"]
[Termination "normal"]
[Board "9"]
[WhiteElo "2082"]
[BlackElo "2149"]
[PlyCount "59"]
[WhiteFideId "934062"]
[BlackFideId "4693523"]
[EventCountry "GER"]
[EventRounds "9"]
[EventType "swiss"]
[EventDate "2003.06.07"]

1. e4 e6 2. Nc3 c5 3. Nf3 a6 4. d4 cxd4 5. Nxd4 Qc7 6. Bd3 Nf6 7. O-O d6 8. Kh1
Nbd7 9. a4 b6 10. f4 Bb7 11. Qe1 Be7 12. Qg3 O-O 13. Bd2 Nc5 14. Rae1 Rfd8 15.
Qh3 Nxd3 16. cxd3 Nd7 17. Rc1 Qb8 18. Rf3 Bf6 19. Be3 Nc5 20. Rd1 Qc7 21. Rg3
Qd7 22. Nf3 Bxc3 23. bxc3 Qxa4 24. Rf1 Nxd3 25. Qh6 Kf8 26. Rxg7 Qxe4 27. Rxf7+
Kxf7 28. Ng5+ Kg8 29. Nxe4 Bxe4 30. Qxe6+ 1-0